تاريخ بخارى : (Record no. 15785)
[ view plain ]
| 000 -الفاتح | |
|---|---|
| حقل البيانات ثابتة الطول | 01402nam a2200301 i 4500 |
| 003 - محدد رقم الضبط | |
| رقم الضبط | EG-ScBUE |
| 005 - وقت وتاريخ اخر تعامل مع التسجيلة | |
| رقم الضبط | 20231212121049.0 |
| 008 - عناصر البيانات ثابتة الطول - معلومات عامة | |
| حقل البيانات ثابتة الطول | 110804n19uu xx f b 000 0 ara d |
| 040 ## - مصدر الفهرسة | |
| وكالة الفهرسة الأصلية | EG-ScBUE |
| لغة الفهرسة | ara |
| قواعد الوصف | rda |
| وكالة النسخ | EG-ScBUE |
| وكالة التعديل | EG-ScBUE |
| 041 1# - رمز اللغة | |
| رمز لغة النص/ المسارات الصوتية أو العنوان الانفرادي | ara |
| رمز لغة الترجمات و/او الاصلية المتوسطة للنص | und |
| 043 ## - رمز المنطقة الجغرافية | |
| رمز المنطقة الجغرافية | a-uz--- |
| 082 04 - رقم تصنيف ديوى العشرى | |
| رقم الطبعة | 22 |
| رقم التصنيف | 958.4 |
| رقم المادة | ف ا م |
| 100 1# - المدخل الرئيسى - إسم شخصى | |
| 9 (RLIN) | 26572 |
| الإسم الشخصى | فامبري، أرمنيوس، |
| التواريخ المصاحبة للاسم | 1832-1913، |
| الدور | مؤلف. |
| 245 10 - بيان العنوان | |
| العنوان | تاريخ بخارى : |
| بقية العنوان | منذ أقدم العصور حتى العصر الحاضر / |
| بيان المسئوليه,etc | تأليف أرمنيوس فامبري ؛ ترجمة وعلق عليه الدكتور أحمد محمود الساداتي ؛ راجعه وقدم له الدكتور يحيى الخشاب. |
| 264 #1 - النشر، التوزيع | |
| مكان الناشر او الموزع | [مكان النشر غير محدد] : |
| اسم الناشر او الموزع | [مطابع شركة الإعلانات الشرقية]، |
| تاريخ النشر أو التوزيع | [19--؟] |
| 300 ## - الوصف المادى | |
| التعداد | 499 صفحة ؛ |
| أبعاد الوعاء | 24 سم |
| 336 ## - نوع المحتوى | |
| source | rdacontent |
| Carrier Type Term | نص |
| Content Type Code | txt |
| 337 ## - نوع الوسيط | |
| Media Type Term | بدون وسيط |
| source | rdamedia |
| Media Type Code | n |
| 338 ## - نوع الحامل أو الناقل | |
| Carrier Type Term | مجلد |
| Carrier Type Code | nc |
| source | rdacarrier |
| 504 ## - تبصرة ببليوجرافية | |
| تبصرة ببليوجرافية,الخ | يشتمل على إرجاعات ببليوجرافية. |
| 546 ## - تبصرة اللغة | |
| تبصرة اللغة | النص مترجم من لغة غير معروفة. |
| 651 #7 - المدخل الاضافى بالموضوع - اسم جغرافى | |
| 9 (RLIN) | 26571 |
| الاسم الجغرافي | تركستان |
| التقسيم الفرعي الزمني | تاريخ. |
| مصدر الرأس أو المصطلح | BUEsh |
| 653 ## - مصطلح تكشيفى غير مقيد | |
| Arrived date list | August2011 |
| 655 ## - مصطلح تكشيفى-نوع/شكل | |
| التقسيم الفرعي الشكلي | Reading book |
| 700 ## - المدخل الاضافى - اسم شخصى | |
| 9 (RLIN) | 26573 |
| الإسم الشخصى | ساداتي، أحمد محمود، |
| الدور | مترجم، |
| -- | معلق. |
| 700 ## - المدخل الاضافى - اسم شخصى | |
| 9 (RLIN) | 26574 |
| الإسم الشخصى | خشاب، يحيى، |
| الدور | مراجع، |
| -- | مقدم. |
| 942 ## - عناصر المدخل الإضافي( كوها) | |
| مصدر التصنيف او مخطط الترفيف | Dewey Decimal Classification |
| Koha [default] item type | Book - Borrowing |
| حالة التراجع | حالة الفقد | مصدر التصنيف او خطة الترفيف | حالة تلف | ليس للاعارة | مجموعات كوها | المكان الدائم | المكان الحالي | موقع الترفيف | تاريخ الاكتساب | Source of acquisition | رقم الاستدعاء | الباركود | Date last seen | نوع الوعاء |
|---|---|---|---|---|---|---|---|---|---|---|---|---|---|---|
| Dewey Decimal Classification | Donation-Gift | Central Library | Central Library | Second Floor | 04/08/2011 | Donation | 958.4 ف ا م | 000024451 | 15/07/2025 | Book - Borrowing |